Implementación de tecnologías DSL WIFI para internet de alta velocidad enlace digital telefónico
El estudio se fundamenta en implementar una estructura DSL-WIFI robusta, enlace de internet de alta velocidad, acceso de servicio controlado, impresión en línea, protocolos de acceso transparente para uso del servicio y seguridad de red. Instalar una infraestructura de comunicación de datos y ac...
| Main Author: | |
|---|---|
| Other Authors: | |
| Format: | Tesis Section = Libro |
| Language: | Undetermined Spanish |
| Published: |
Managua
UNI
2005
|
| Subjects: |
| LEADER | 01310nam a2200253Ia 4500 | ||
|---|---|---|---|
| 008 | 240830s9999 xx 000 0 und d | ||
| 040 | |a BIBLIOTECA-RUSB/ Mon 621.382 V436 | ||
| 041 | |a spa | ||
| 082 | |a Mon 621.382 V436 | ||
| 100 | 1 | |a Vélez Medina, Jimmy Antonio | |
| 245 | 1 | 0 | |a Implementación de tecnologías DSL WIFI para internet de alta velocidad enlace digital telefónico |
| 260 | |a Managua |b UNI |c 2005 | ||
| 300 | |a 129 p. :il. | ||
| 500 | |a Contiene: anexos. | ||
| 502 | |a Tesis (Ingeniero Electrónico) - UNI, 2005. | ||
| 520 | 3 | |a El estudio se fundamenta en implementar una estructura DSL-WIFI robusta, enlace de internet de alta velocidad, acceso de servicio controlado, impresión en línea, protocolos de acceso transparente para uso del servicio y seguridad de red. Instalar una infraestructura de comunicación de datos y acceso a internet de alta velocidad. Minimizar el cierre de operación e ingresos por servicio de habitación del hotel. Evitar alterar la arquitectura física y estándar de diseño de las habitaciones. | |
| 650 | 7 | |a REDES INALÁMBRICAS | |
| 650 | 7 | |b TECNOLOGíA WIFI | |
| 650 | 7 | |c WIFI-COMUNICACIÓN INALÁMBRICA | |
| 650 | 7 | |d PRÁCTICAS PROFESIONALES | |
| 700 | 1 | |a Tutor: |b López, Francisco | |
| 942 | |c BK |2 ddc | ||
| 991 | |a TESIS | ||
| 999 | |c 20284 | ||